<?xml version="1.0" encoding="UTF-8"?><?xml-stylesheet type="text/xsl" href="static/style.xsl"?><OAI-PMH xmlns="http://www.openarchives.org/OAI/2.0/" xmlns:xsi="http://www.w3.org/2001/XMLSchema-instance" xsi:schemaLocation="http://www.openarchives.org/OAI/2.0/ http://www.openarchives.org/OAI/2.0/OAI-PMH.xsd"><responseDate>2026-04-17T13:14:11Z</responseDate><request verb="GetRecord" identifier="oai:www.recercat.cat:2117/375445" metadataPrefix="marc">https://recercat.cat/oai/request</request><GetRecord><record><header><identifier>oai:recercat.cat:2117/375445</identifier><datestamp>2025-07-23T02:01:47Z</datestamp><setSpec>com_2072_1033</setSpec><setSpec>col_2072_452951</setSpec></header><metadata><record xmlns="http://www.loc.gov/MARC21/slim" xmlns:dcterms="http://purl.org/dc/terms/" xmlns:xsi="http://www.w3.org/2001/XMLSchema-instance" xmlns:doc="http://www.lyncode.com/xoai" xsi:schemaLocation="http://www.loc.gov/MARC21/slim http://www.loc.gov/standards/marcxml/schema/MARC21slim.xsd">
   <leader>00925njm 22002777a 4500</leader>
   <datafield ind2=" " ind1=" " tag="042">
      <subfield code="a">dc</subfield>
   </datafield>
   <datafield ind2=" " ind1=" " tag="720">
      <subfield code="a">Roldan Tadeo, Maria</subfield>
      <subfield code="e">author</subfield>
   </datafield>
   <datafield ind2=" " ind1=" " tag="260">
      <subfield code="c">2022-09-06</subfield>
   </datafield>
   <datafield ind2=" " ind1=" " tag="520">
      <subfield code="a">Pollution, climate change and accidental fishing have brought different marine species to the edge of extinction. In order to mitigate the consequences of these threats, there are different entities dedicated to the preservation, research and care of marine species that are affected. One of these species is the sea turtle. The CRAM foundation, the rehabilitation centre for marine animals in Catalonia, seeks to raise ecological awareness and carries out research to mitigate the threats to turtles and halt their decline. This foundation also has facilities and professionals specialised in the care of different marine species. Some of these facilities are prepared for the special care of sea turtles. The present project aims to prevent possible accumulations of toxic components and to improve the quality of the water. To accomplish this end, a biological line of the filtration system, or Life Support System (LSS), is added to the installations for the treatment of biological waste, especially organic matter (OM) and the accumulation of dissolved nitrogenous compounds (ammonium NH3 and nitrites NO2). In addition, protocols are defined for monitoring different water parameters in order to be able to know the evolution and quality of the water.</subfield>
   </datafield>
   <datafield ind2=" " ind1=" " tag="520">
      <subfield code="a">La contaminació, el canvi climàtic i la pesca accidental han portat a diferents espècies marines a la vora de l'extinció. Per a poder mitigar les conseqüències d'aquestes amenaces existeixen diferents entitats dedicades a la preservació, recerca i cura de les espècies marines que es vegin afectades. Una d'aquestes espècies és la tortuga marina. La fundació CRAM, el centre de rehabilitació d'animals marins de Catalunya, cerca una sensibilització ecològica i fa diferents recerques per a mitigar les amenaces de les tortugues i frenar el seu declivi. En aquesta fundació compten també amb unes instal·lacions i uns professionals especialitzats en la cura de diferents espècies marines. Algunes d'aquestes instal·lacions estan preparades per a l'especial cura de les tortugues marines. El present projecte té com a objectiu prevenir possibles acumulacions de components tòxics i millorar la qualitat de l'aigua. Per a això s'afegeix a les instal·lacions una línia biològica del sistema de filtració, o Life Support System (LSS), per al tractament dels residus biològics, especialment la matèria orgànica (MO) i l'acumulació dels compostos nitrogenats dissolts (amoni NH3 i nitrits NO2). Així mateix, es defineixen uns protocols de control de diferents paràmetres de l'aigua amb la intenció de poder conèixer l'evolució i la qualitat de l'aigua.</subfield>
   </datafield>
   <datafield ind2=" " ind1=" " tag="520">
      <subfield code="a">La contaminación, el cambio climático y la pesca accidental han llevado a diferentes especies marinas al borde de la extinción. Para poder mitigar las consecuencias de esas amenazas existen diferentes entidades dedicadas a la preservación, investigación y cuidado de las especies marinas que se vean afectadas. Una de esas especies es la tortuga marina. La fundación CRAM, el centro de rehabilitación de animales marinos de Cataluña, busca una sensibilización ecológica y hace diferentes investigaciones para mitigar las amenazas de las tortugas y frenar su declive. En esta fundación cuentan también con unas instalaciones y unos profesionales especializados en el cuidado de diferentes especies marinas. Algunas de esas instalaciones están preparadas para el especial cuidado de las tortugas marinas. El presente proyecto tiene como objetivo prevenir posibles acumulaciones de componentes tóxicos y mejorar la calidad del agua. Para ello se añade a las instalaciones una línea biológica del sistema de filtración, o Life Support System (LSS), para el tratamiento de los residuos biológicos, especialmente la materia orgánica (MO) y la acumulación de los compuestos nitrogenados disueltos (amonio NH3 y nitritos NO2). Asimismo, se definen unos protocolos de control de diferentes parámetros del agua con la intención de poder conocer la evolución y la calidad del agua.</subfield>
   </datafield>
   <datafield ind2=" " ind1=" " tag="520">
      <subfield code="a">Objectius de Desenvolupament Sostenible::14 - Vida Submarina</subfield>
   </datafield>
   <datafield ind2=" " ind1=" " tag="520">
      <subfield code="a">Objectius de Desenvolupament Sostenible::6 - Aigua Neta i Sanejament</subfield>
   </datafield>
   <datafield tag="653" ind2=" " ind1=" ">
      <subfield code="a">Àrees temàtiques de la UPC::Enginyeria agroalimentària</subfield>
   </datafield>
   <datafield tag="653" ind2=" " ind1=" ">
      <subfield code="a">Water -- Purification -- Biological treatment</subfield>
   </datafield>
   <datafield tag="653" ind2=" " ind1=" ">
      <subfield code="a">Gestió</subfield>
   </datafield>
   <datafield tag="653" ind2=" " ind1=" ">
      <subfield code="a">Qualitat aigua</subfield>
   </datafield>
   <datafield tag="653" ind2=" " ind1=" ">
      <subfield code="a">Espècies marines</subfield>
   </datafield>
   <datafield tag="653" ind2=" " ind1=" ">
      <subfield code="a">Aigua -- Depuració -- Tractament biològic -- Catalunya</subfield>
   </datafield>
   <datafield ind2="0" ind1="0" tag="245">
      <subfield code="a">Proyecto de instalación de una línea biologica de tratamiento de aguas en el centro de la Fundación para la conservación y recuperación de animales marinos (Fundación CRAM)</subfield>
   </datafield>
</record></metadata></record></GetRecord></OAI-PMH>